Normal view
MARC view
- Tidrow, Rob
Entry Personal Name
001 - CONTROL NUMBER
- control field: 99697
003 - CONTROL NUMBER IDENTIFIER
- control field: NUST
005 - DATE AND TIME OF LATEST TRANSACTION
- control field: 20221010143342.0
008 - FIXED-LENGTH DATA ELEMENTS
- fixed length control field: 221010|| aca||aabn | a|a d
040 ## - CATALOGING SOURCE
- Original cataloging agency: NUST
- Transcribing agency: NUST
100 ## - HEADING--PERSONAL NAME
- Personal name: Tidrow, Rob
670 ## - SOURCE DATA FOUND
- Source citation: Work cat.: (NUST)175477: Tidrow, Rob., MCSE training guide--Windows 95 /, c1997.
